Nordyckie państwa i stolice - Statystyki

Ogólne statystyki
  • Ten quiz został rozwiązany 121 razy
  • Średni wynik to 10 z 10
Statystyki odpowiedzi
Odpowiedź % Poprawnych
Dania
99%
Norwegia
99%
Oslo
99%
Szwecja
99%
Finlandia
98%
Kopenhaga
97%
Sztokholm
97%
Helsinki
96%
Islandia
96%
Reykjavík
94%
Nie znaleziono quizów pasujących do podanych kryteriów
Rozkład punktacji
Procent ludzi z każdym wynikiem
Percentyl według liczby udzielonych odpowiedzi
Twoja historia wyników
Nie rozwiązałeś tego quizu